| 000 | 00593nam a22002057a 4500 | ||
|---|---|---|---|
| 003 | OSt | ||
| 005 | 20140310182946.0 | ||
| 008 | 130205t xxu||||| |||| 00| 0 eng d | ||
| 020 | _a9789712722448 | ||
| 050 |
_aPL 5535 _b.V718 2009 |
||
| 082 |
_aFIL 899.2103 _bV718 2009 |
||
| 245 |
_aThe lost language _bstories _cVillanueva, Marianne |
||
| 260 |
_aPasig City, Philippines _bPublished and exclusively distributed by Anvil Pub. _cc2009 |
||
| 300 |
_a154 p. _c21 cm. |
||
| 521 | _acollege students | ||
| 526 | _c1210L-1700L | ||
| 541 | _j1 | ||
| 562 | _e1 | ||
| 942 |
_2lcc _cBK _kFIL |
||
| 999 |
_c17807 _d17807 |
||